Political corruption: scope and resources ; an annotated bibliography
| Main Author: | |
|---|---|
| Format: | Print Book |
| Language: | English |
| Published: |
New York [u.a.]
Garland
1990
|
| In: |
The public affairs and administration series (27)
Year: 1990 |
| Availability in Tübingen: | Present in Tübingen. UB: KB 18 A 7835 |
| Check availability: | HBZ Gateway |
| Subito Delivery Service: | Order now. |
| Keywords: |
MARC
| LEADER | 00000cam a2200000 c 4500 | ||
|---|---|---|---|
| 001 | 272634352 | ||
| 003 | DE-627 | ||
| 005 | 20251222212307.0 | ||
| 007 | tu | ||
| 008 | 990101s1990 xxu||||| b 00| ||eng c | ||
| 020 | |a 0824035291 |9 0-8240-3529-1 | ||
| 035 | |a (DE-627)272634352 | ||
| 035 | |a (DE-576)024241733 | ||
| 035 | |a (DE-599)GBV272634352 | ||
| 035 | |a (OCoLC)243705210 | ||
| 035 | |a (OCoLC)21669172 | ||
| 035 | |a (OCoLC)21669172 | ||
| 035 | |a (DE-604)8045308578 | ||
| 040 | |a DE-627 |b ger |c DE-627 |e rakwb | ||
| 041 | |a eng | ||
| 044 | |c XD-US | ||
| 050 | 0 | |a Z7164.C94 | |
| 050 | 0 | |a JK2249 | |
| 082 | 0 | |a 016.320973 | |
| 084 | |a 3,6 |2 ssgn | ||
| 084 | |a MG 70070 |2 rvk |0 (DE-625)rvk/122860:12043 | ||
| 100 | 1 | |a Johansen, Elaine R. |4 aut | |
| 245 | 1 | 0 | |a Political corruption |b scope and resources ; an annotated bibliography |c Elaine R. Johansen |
| 264 | 1 | |a New York [u.a.] |b Garland |c 1990 | |
| 300 | |a XI, 241 S | ||
| 336 | |a Text |b txt |2 rdacontent | ||
| 337 | |a ohne Hilfsmittel zu benutzen |b n |2 rdamedia | ||
| 338 | |a Band |b nc |2 rdacarrier | ||
| 490 | 1 | |a Garland reference library of social science |v 616 |a Public affairs and administration |v 27 | |
| 490 | 1 | |a Garland reference library of social science |v 616 | |
| 500 | |a Includes index | ||
| 583 | 1 | |a Archivierung prüfen |c 20200919 |f DE-640 |z 3 |2 pdager | |
| 583 | 1 | |a Archivierung/Langzeitarchivierung gewährleistet |f SLG |x XA-DE-BW |z BfZ |2 pdager |5 DE-24 | |
| 653 | 0 | |a Political corruption |a United States |a Bibliography | |
| 655 | 7 | |a Bibliografie |0 (DE-588)4006432-3 |0 (DE-627)104814519 |0 (DE-576)208865578 |2 gnd-content | |
| 689 | 0 | 0 | |d g |0 (DE-588)4078704-7 |0 (DE-627)106076612 |0 (DE-576)209209682 |a USA |2 gnd |
| 689 | 0 | 1 | |d s |0 (DE-588)4046514-7 |0 (DE-627)104152206 |0 (DE-576)209069945 |a Politik |2 gnd |
| 689 | 0 | 2 | |d s |0 (DE-588)4032524-6 |0 (DE-627)104704799 |0 (DE-576)208997288 |a Korruption |2 gnd |
| 689 | 0 | |5 (DE-627) | |
| 689 | 1 | 0 | |d s |0 (DE-588)4046514-7 |0 (DE-627)104152206 |0 (DE-576)209069945 |a Politik |2 gnd |
| 689 | 1 | 1 | |d s |0 (DE-588)4032524-6 |0 (DE-627)104704799 |0 (DE-576)208997288 |a Korruption |2 gnd |
| 689 | 1 | |5 (DE-627) | |
| 830 | 4 | |a The public affairs and administration series |v 27 |9 27 |w (DE-627)129641502 |w (DE-576)01266071X |w (DE-600)252382-6 |7 am | |
| 830 | 0 | |a Garland reference library of social science |v 616 |9 616 |w (DE-627)129449466 |w (DE-576)014815427 |w (DE-600)197175-X |7 am | |
| 889 | |w (DE-627)113848773 | ||
| 935 | |i mdedup | ||
| 935 | |i Blocktest | ||
| 936 | r | v | |a MG 70070 |b Allgemeines |k Politologie |k Politische Systeme einzelner Länder |k Europa, Nordamerika |k Nordamerika |k USA |k Politisches Verhalten, politische Psychologie, politisches Bewußtsein |k Allgemeines |0 (DE-627)1271297000 |0 (DE-625)rvk/122860:12043 |0 (DE-576)201297000 |
| 951 | |a BO | ||
| ELC | |b 1 | ||
| LOK | |0 000 xxxxxcx a22 zn 4500 | ||
| LOK | |0 001 3355439428 | ||
| LOK | |0 003 DE-627 | ||
| LOK | |0 004 272634352 | ||
| LOK | |0 005 20151015191138 | ||
| LOK | |0 008 910521||||||||||||||||ger||||||| | ||
| LOK | |0 040 |a DE-21 |c DE-627 |d DE-21 | ||
| LOK | |0 852 |a DE-21 | ||
| LOK | |0 852 1 |c KB 18 A 7835 |9 00 | ||
| LOK | |0 935 |a krim | ||
| LOK | |0 939 |a 21-05-91 |b l01 | ||
| ORI | |a SA-MARC-krimdoka001.raw | ||
| SIG | |a UB: KB 18 A 7835 | ||
